000
00247nam a22000857a 4500
008
240718b ||||| |||| 00| 0 eng d
100
_a
Robert A Siegel
245
_a
United States Complete
_b
The William H. Gross Collection
650
_a
United States Stamps
999
_c
3610
_d
3610